Sports Quiz

Random Sports or NHL Quiz

Vancouver Canucks Starting Goalies Since 1970 Quiz Stats

 Plays Quiz not verified by Sporcle

Score 0/41 Timer 08:00
0 Plays Today
Year Goalie % Correct
????
100%
????
84.4%
????
84.4%
????
80%
????
80%
????
80%
????
71.1%
????
71.1%
????
66.7%
????
66.7%
????
62.2%
????
62.2%
????
62.2%
????
62.2%
????
62.2%
????
62.2%
????
62.2%
????
60%
????
60%
????
60%
????
57.8%
Year Goalie % Correct
????
57.8%
????
57.8%
????
57.8%
????
57.8%
????
57.8%
????
57.8%
????
55.6%
????
53.3%
????
48.9%
????
42.2%
????
42.2%
????
42.2%
????
40%
????
40%
????
40%
????
40%
????
40%
????
40%
????
40%
????
40%

You're not logged in!

Compare scores with friends on all Sporcle quizzes.
OR
Log In

Show Comments

Extras

Top Quizzes Today


Score Distribution

Your Account Isn't Verified!

In order to create a playlist on Sporcle, you need to verify the email address you used during registration. Go to your Sporcle Settings to finish the process.

Report this User

Report this user for behavior that violates our Community Guidelines.

Details: